Tvorba osobnej kariéry pracovníka : Bakalárska práca

Salvato in:
Dettagli Bibliografici
Autore principale: Kvardová, Michaela (Autore)
Altri autori: Holková, Andrea (xxx)
Natura: Manoscritto Libro
Lingua:slovacco
Pubblicazione: Bratislava : STU v Bratislave MtF KPIM, 2004
Soggetti:
Tags: Aggiungi Tag
Nessun Tag, puoi essere il primo ad aggiungerne!!

MARC

LEADER 00000ntm a22000003a 4500
001 stu91420
005 20160719154610.4
008 041110s2004----xo------------------slo-d
040 |a STU  |b slo 
041 0 |a slo 
044 |a xo 
100 1 |a Kvardová, Michaela  |4 aut 
245 1 |a Tvorba osobnej kariéry pracovníka :  |b Bakalárska práca 
260 |a Bratislava :  |b STU v Bratislave MtF KPIM,  |c 2004 
300 |a 58 s  |c príl., 1 CD 
650 7 |a priemyselné inžinierstvo a manažment  |2 stusub 
650 7 |a kariéra  |2 stusub 
650 7 |a vzdelávanie pracovníkov  |2 stusub 
650 7 |a motivácia pracovníkov  |2 stusub 
700 1 |a Holková, Andrea  |4 xxx  |u M4000  |U MTF Materiálovotechnologická fakulta  |T MTF Ústav priemyselného inžinierstva a manažmentu  |U M4000  |Y 84 
996 |b 284M042208  |c M*BP-935  |l MMSKP  |s P  |a 0  |w stu91420_0001